Normal view
MARC view
- Machine-shop practice
Entry Topical Term
001 - CONTROL NUMBER
- control field: 36237
003 - CONTROL NUMBER IDENTIFIER
- control field: NUST
005 - DATE AND TIME OF LATEST TRANSACTION
- control field: 20210312162831.0
008 - FIXED-LENGTH DATA ELEMENTS
- fixed length control field: 210312|| aca||aabn | a|a d
040 ## - CATALOGING SOURCE
- Original cataloging agency: NUST
- Transcribing agency: NUST
150 ## - HEADING--TOPICAL TERM
- Topical term or geographic name entry element: Machine-shop practice
670 ## - SOURCE DATA FOUND
- Source citation: Work cat.: (NUST)31637: Krar, Stephen F. 36236, Technology of machine tools, 6e /, 2005.
